Handbook of research on social entrepreneurship and solidarity economics / (Record no. 4087)
[ view plain ]
| 000 -LEADER | |
|---|---|
| fixed length control field | 00730cam a22002057i 4500 |
| 001 - CONTROL NUMBER | |
| control field | 18991961 |
| 005 - DATE AND TIME OF LATEST TRANSACTION | |
| control field | 20250221202335.0 |
| 008 - FIXED-LENGTH DATA ELEMENTS--GENERAL INFORMATION | |
| fixed length control field | 160226s2016 pau b 001 0 eng |
| 020 ## - INTERNATIONAL STANDARD BOOK NUMBER | |
| International Standard Book Number | 9781522500971 (hardcover : alk. paper) |
| 020 ## - INTERNATIONAL STANDARD BOOK NUMBER | |
| Canceled/invalid ISBN | 9781522500988 (ebook) |
| 050 00 - LIBRARY OF CONGRESS CALL NUMBER | |
| Classification number | HD60 |
| Item number | .H3364 2016 |
| 082 00 - DEWEY DECIMAL CLASSIFICATION NUMBER | |
| Classification number | 338.9 |
| Edition information | 23 |
| 245 00 - TITLE STATEMENT | |
| Title | Handbook of research on social entrepreneurship and solidarity economics / |
| Statement of responsibility, etc. | José Manuel Saiz-Álvarez, Tecnológico de Monterrey, Mexico. |
| 260 ## - PUBLICATION, DISTRIBUTION, ETC. | |
| Place of publication, distribution, etc. | Hershey PA |
| Name of publisher, distributor, etc. | Business Science Reference |
| Date of publication, distribution, etc. | 2016 |
| 300 ## - PHYSICAL DESCRIPTION | |
| Extent | xxviii, 606 pages ; |
| Dimensions | 29 cm. |
| 650 #0 - SUBJECT ADDED ENTRY--TOPICAL TERM | |
| Topical term or geographic name entry element | Social entrepreneurship. |
| 650 #0 - SUBJECT ADDED ENTRY--TOPICAL TERM | |
| Topical term or geographic name entry element | Economic development. |
| 700 1# - ADDED ENTRY--PERSONAL NAME | |
| Personal name | Sáiz Álvarez, José Manuel, |
| Relator term | editor. |
| 942 ## - ADDED ENTRY ELEMENTS (KOHA) | |
| Source of classification or shelving scheme | Library of Congress Classification |
| Koha item type | Books |
| Suppress in OPAC | No |
| 999 ## - | |
| -- | 4087 |
| -- | 4087 |
| Withdrawn status | Lost status | Source of classification or shelving scheme | Damaged status | Not for loan | Collection | Home library | Current library | Shelving location | Date acquired | Total checkouts | Full call number | Barcode | Date last seen | Copy number | Price effective from | Koha item type |
|---|---|---|---|---|---|---|---|---|---|---|---|---|---|---|---|---|
| Library of Congress Classification | Non-fiction | Business Library (Miotso) | Business Library (Miotso) | General stacks | 02/21/2025 | HD60 .H3364 2016 | BSSM00000949 | 02/21/2025 | 1 | 02/21/2025 | Books | |||||
| Library of Congress Classification | Non-fiction | Business Library (Miotso) | Business Library (Miotso) | General stacks | 02/21/2025 | HD60 .H3364 2016 | BSSM00000950 | 02/21/2025 | 2 | 02/21/2025 | Books | |||||
| Library of Congress Classification | Non-fiction | Business Library (Miotso) | Business Library (Miotso) | General stacks | 02/25/2025 | HD60 .H3364 2016 | BSSM00000951 | 02/25/2025 | 3 | 02/25/2025 | Books | |||||
| Library of Congress Classification | Non-fiction | Business Library (Miotso) | Business Library (Miotso) | General stacks | 02/25/2025 | HD60 .H3364 2016 | BSSM00000952 | 02/25/2025 | 4 | 02/25/2025 | Books | |||||
| Library of Congress Classification | Non-fiction | Business Library (Miotso) | Business Library (Miotso) | General stacks | 02/25/2025 | HD60 .H3364 2016 | BSSM00000953 | 02/25/2025 | 5 | 02/25/2025 | Books | |||||
| Library of Congress Classification | Non-fiction | Undergraduate Library (Christ Temple) | Undergraduate Library (Christ Temple) | General stacks | 03/12/2025 | HD60.H3364 HAN | ulct00001654 | 03/12/2025 | 1 | 03/12/2025 | Books |